Premier League Team of the Year - Statistics

General Stats
  • This quiz has been taken 167 times
  • The average score is 7 of 11
Answer Stats
Position Answer % Correct
Attacker Erling Haaland
92%
Attacker Phil Foden
74%
Defender William Saliba
73%
Midfielder Rodri
71%
Defender Virgil van Dijk
70%
Goalkeeper David Raya
68%
Defender Kyle Walker
59%
Midfielder Martin Ødegaard
59%
Midfielder Declan Rice
56%
Defender Gabriel Magalhães
52%
Attacker Ollie Watkins
31%
No matching quizzes found
Score Distribution
Percent of People with Each Score
Percentile by Number Answered
Your Score History
You have not taken this quiz